<?xml version="1.0" encoding="UTF-8"?>
<record
    xmlns:xsi="http://www.w3.org/2001/XMLSchema-instance"
    xsi:schemaLocation="http://www.loc.gov/MARC21/slim http://www.loc.gov/standards/marcxml/schema/MARC21slim.xsd"
    xmlns="http://www.loc.gov/MARC21/slim">

  <leader>02255nam0a2200397   4500</leader>
  <controlfield tag="001">RU\NLR\bibl\1418101</controlfield>
  <controlfield tag="005">20260407091203.0</controlfield>
  <datafield tag="010" ind1=" " ind2=" ">
    <subfield code="a">978-5-89966-877-7</subfield>
    <subfield code="9">500</subfield>
  </datafield>
  <datafield tag="021" ind1=" " ind2=" ">
    <subfield code="a">RU</subfield>
    <subfield code="b">2009-57613</subfield>
    <subfield code="9">3554</subfield>
  </datafield>
  <datafield tag="035" ind1=" " ind2=" ">
    <subfield code="a">(nilc)RSL-KNO-004357009</subfield>
  </datafield>
  <datafield tag="035" ind1=" " ind2=" ">
    <subfield code="a">(NLR Aleph) 001410055</subfield>
  </datafield>
  <datafield tag="090" ind1=" " ind2=" ">
    <subfield code="a">1276706</subfield>
    <subfield code="c">1276706</subfield>
  </datafield>
  <datafield tag="100" ind1=" " ind2=" ">
    <subfield code="a">20090709d2009    |||y0rusy50      ca</subfield>
  </datafield>
  <datafield tag="101" ind1="0" ind2=" ">
    <subfield code="a">rus</subfield>
  </datafield>
  <datafield tag="102" ind1=" " ind2=" ">
    <subfield code="a">RU</subfield>
  </datafield>
  <datafield tag="105" ind1=" " ind2=" ">
    <subfield code="a">y   zzzz|||||</subfield>
  </datafield>
  <datafield tag="200" ind1="1" ind2=" ">
    <subfield code="a">&#x41D;&#x43E;&#x432;&#x430;&#x446;&#x438;&#x438; &#x438; &#x438;&#x43D;&#x43D;&#x43E;&#x432;&#x430;&#x446;&#x438;&#x438; &#x432; &#x43E;&#x431;&#x440;&#x430;&#x437;&#x43E;&#x432;&#x430;&#x43D;&#x438;&#x438;</subfield>
    <subfield code="e">&#x43C;&#x43E;&#x43D;&#x43E;&#x433;&#x440;&#x430;&#x444;&#x438;&#x44F;</subfield>
    <subfield code="f">[&#x413;&#x43E;&#x440;&#x431;&#x443;&#x43D;&#x43E;&#x432; &#x410;.&#x41F;., &#x414;&#x430;&#x432;&#x44B;&#x434;&#x43E;&#x432; &#x42E;.&#x421;., &#x424;&#x435;&#x434;&#x43E;&#x440;&#x447;&#x435;&#x43D;&#x43A;&#x43E; &#x415;.&#x41D;. &#x438; &#x434;&#x440;.</subfield>
    <subfield code="g">&#x440;&#x435;&#x434;&#x43A;&#x43E;&#x43B;.: &#x414;&#x430;&#x432;&#x44B;&#x434;&#x43E;&#x432; &#x42E;.&#x421;. &#x438; &#x434;&#x440;.]</subfield>
    <subfield code="g">&#x424;&#x435;&#x434;&#x435;&#x440;&#x430;&#x43B;&#x44C;&#x43D;&#x43E;&#x435; &#x430;&#x433;&#x435;&#x43D;&#x442;&#x441;&#x442;&#x432;&#x43E; &#x43F;&#x43E; &#x43E;&#x431;&#x440;&#x430;&#x437;&#x43E;&#x432;&#x430;&#x43D;&#x438;&#x44E;, &#x413;&#x43E;&#x441;. &#x43E;&#x431;&#x440;&#x430;&#x437;&#x43E;&#x432;&#x430;&#x442;&#x435;&#x43B;&#x44C;&#x43D;&#x43E;&#x435; &#x443;&#x447;&#x440;&#x435;&#x436;&#x434;&#x435;&#x43D;&#x438;&#x435; &#x432;&#x44B;&#x441;&#x448;. &#x43F;&#x440;&#x43E;&#x444;. &#x43E;&#x431;&#x440;&#x430;&#x437;&#x43E;&#x432;&#x430;&#x43D;&#x438;&#x44F; &#x41F;&#x44F;&#x442;&#x438;&#x433;&#x43E;&#x440;&#x441;&#x43A;&#x438;&#x439; &#x433;&#x43E;&#x441;. &#x43B;&#x438;&#x43D;&#x433;&#x432;&#x438;&#x441;&#x442;&#x438;&#x447;&#x435;&#x441;&#x43A;&#x438;&#x439; &#x443;&#x43D;-&#x442;"</subfield>
  </datafield>
  <datafield tag="210" ind1=" " ind2=" ">
    <subfield code="a">&#x41F;&#x44F;&#x442;&#x438;&#x433;&#x43E;&#x440;&#x441;&#x43A;</subfield>
    <subfield code="c">&#x41F;&#x413;&#x41B;&#x423;</subfield>
    <subfield code="d">2009</subfield>
  </datafield>
  <datafield tag="215" ind1=" " ind2=" ">
    <subfield code="a">195 &#x441;.</subfield>
    <subfield code="c">&#x442;&#x430;&#x431;&#x43B;.</subfield>
    <subfield code="d">21</subfield>
  </datafield>
  <datafield tag="300" ind1=" " ind2=" ">
    <subfield code="a">&#x410;&#x432;&#x442;. &#x443;&#x43A;&#x430;&#x437;&#x430;&#x43D;&#x44B; &#x432; &#x441;&#x43E;&#x434;&#x435;&#x440;&#x436;.</subfield>
  </datafield>
  <datafield tag="320" ind1=" " ind2=" ">
    <subfield code="a">&#x411;&#x438;&#x431;&#x43B;&#x438;&#x43E;&#x433;&#x440;. &#x432; &#x43A;&#x43E;&#x43D;&#x446;&#x435; &#x441;&#x442;.</subfield>
  </datafield>
  <datafield tag="606" ind1="1" ind2=" ">
    <subfield code="a">&#x418;&#x43D;&#x43D;&#x43E;&#x432;&#x430;&#x446;&#x438;&#x438; &#x43F;&#x435;&#x434;&#x430;&#x433;&#x43E;&#x433;&#x438;&#x447;&#x435;&#x441;&#x43A;&#x438;&#x435;</subfield>
    <subfield code="j">&#x421;&#x431;&#x43E;&#x440;&#x43D;&#x438;&#x43A;&#x438;</subfield>
    <subfield code="9">2078601</subfield>
    <subfield code="3">RU\NLR\auth\661254463</subfield>
  </datafield>
  <datafield tag="686" ind1=" " ind2=" ">
    <subfield code="a">&#x427;481,6(2)2,0</subfield>
    <subfield code="2">rubbk</subfield>
  </datafield>
  <datafield tag="686" ind1=" " ind2=" ">
    <subfield code="a">&#x427;491,6(2)3,0</subfield>
    <subfield code="2">rubbk</subfield>
  </datafield>
  <datafield tag="686" ind1=" " ind2=" ">
    <subfield code="a">&#x427;312&#x44F;43</subfield>
  </datafield>
  <datafield tag="701" ind1=" " ind2="1">
    <subfield code="4">070</subfield>
    <subfield code="8">rus</subfield>
    <subfield code="7">ca</subfield>
    <subfield code="a">&#x413;&#x43E;&#x440;&#x431;&#x443;&#x43D;&#x43E;&#x432;</subfield>
    <subfield code="b">&#x410;. &#x41F;.</subfield>
    <subfield code="c">&#x43A;&#x430;&#x43D;&#x434;. &#x438;&#x441;&#x442;. &#x43D;&#x430;&#x443;&#x43A;</subfield>
    <subfield code="g">&#x410;&#x43B;&#x435;&#x43A;&#x441;&#x430;&#x43D;&#x434;&#x440; &#x41F;&#x430;&#x432;&#x43B;&#x43E;&#x432;&#x438;&#x447;</subfield>
    <subfield code="f">1959-</subfield>
    <subfield code="3">RU\NLR\auth\7771588</subfield>
    <subfield code="9">54516</subfield>
  </datafield>
  <datafield tag="701" ind1=" " ind2="1">
    <subfield code="4">070</subfield>
    <subfield code="8">rus</subfield>
    <subfield code="7">ca</subfield>
    <subfield code="a">&#x414;&#x430;&#x432;&#x44B;&#x434;&#x43E;&#x432;</subfield>
    <subfield code="b">&#x42E;. &#x421;.</subfield>
    <subfield code="f">1937-</subfield>
    <subfield code="c">&#x434;-&#x440; &#x44D;&#x43A;&#x43E;&#x43D;. &#x43D;&#x430;&#x443;&#x43A;, &#x43F;&#x43E;&#x43B;&#x438;&#x442;&#x43E;&#x43B;&#x43E;&#x433;</subfield>
    <subfield code="g">&#x42E;&#x440;&#x438;&#x439; &#x421;&#x442;&#x435;&#x43F;&#x430;&#x43D;&#x43E;&#x432;&#x438;&#x447;</subfield>
    <subfield code="3">RU\NLR\auth\7735782</subfield>
    <subfield code="9">18778</subfield>
  </datafield>
  <datafield tag="701" ind1=" " ind2="1">
    <subfield code="4">070</subfield>
    <subfield code="8">rus</subfield>
    <subfield code="7">ca</subfield>
    <subfield code="a">&#x424;&#x435;&#x434;&#x43E;&#x440;&#x447;&#x435;&#x43D;&#x43A;&#x43E;</subfield>
    <subfield code="b">&#x415;. &#x41D;.</subfield>
    <subfield code="f">1966-</subfield>
    <subfield code="g">&#x415;&#x432;&#x433;&#x435;&#x43D;&#x438;&#x439; &#x41D;&#x438;&#x43A;&#x43E;&#x43B;&#x430;&#x435;&#x432;&#x438;&#x447;</subfield>
    <subfield code="3">RU\NLR\auth\77103216</subfield>
    <subfield code="9">86142</subfield>
  </datafield>
  <datafield tag="702" ind1=" " ind2="1">
    <subfield code="4">340</subfield>
    <subfield code="8">rus</subfield>
    <subfield code="7">ca</subfield>
    <subfield code="a">&#x414;&#x430;&#x432;&#x44B;&#x434;&#x43E;&#x432;</subfield>
    <subfield code="b">&#x42E;. &#x421;.</subfield>
    <subfield code="f">1937-</subfield>
    <subfield code="c">&#x434;-&#x440; &#x44D;&#x43A;&#x43E;&#x43D;. &#x43D;&#x430;&#x443;&#x43A;, &#x43F;&#x43E;&#x43B;&#x438;&#x442;&#x43E;&#x43B;&#x43E;&#x433;</subfield>
    <subfield code="g">&#x42E;&#x440;&#x438;&#x439; &#x421;&#x442;&#x435;&#x43F;&#x430;&#x43D;&#x43E;&#x432;&#x438;&#x447;</subfield>
    <subfield code="3">RU\NLR\auth\7735782</subfield>
    <subfield code="9">18778</subfield>
  </datafield>
  <datafield tag="712" ind1="0" ind2="2">
    <subfield code="4">570</subfield>
    <subfield code="a">&#x41F;&#x44F;&#x442;&#x438;&#x433;&#x43E;&#x440;&#x441;&#x43A;&#x438;&#x439; &#x433;&#x43E;&#x441;&#x443;&#x434;&#x430;&#x440;&#x441;&#x442;&#x432;&#x435;&#x43D;&#x43D;&#x44B;&#x439; &#x43B;&#x438;&#x43D;&#x433;&#x432;&#x438;&#x441;&#x442;&#x438;&#x447;&#x435;&#x441;&#x43A;&#x438;&#x439; &#x443;&#x43D;&#x438;&#x432;&#x435;&#x440;&#x441;&#x438;&#x442;&#x435;&#x442;</subfield>
    <subfield code="3">RU\NLR\AUTH\8815781</subfield>
    <subfield code="9">304695</subfield>
  </datafield>
  <datafield tag="801" ind1=" " ind2="0">
    <subfield code="a">RU</subfield>
    <subfield code="b">&#x420;&#x41A;&#x41F;</subfield>
    <subfield code="c">20090709</subfield>
    <subfield code="g">rcr</subfield>
  </datafield>
  <datafield tag="801" ind1=" " ind2="1">
    <subfield code="a">RU</subfield>
    <subfield code="b">&#x420;&#x413;&#x411;</subfield>
    <subfield code="c">20090709</subfield>
  </datafield>
  <datafield tag="801" ind1=" " ind2="2">
    <subfield code="a">RU</subfield>
    <subfield code="b">NLR</subfield>
    <subfield code="c">20090930</subfield>
    <subfield code="g">rcr</subfield>
  </datafield>
  <datafield tag="942" ind1=" " ind2=" ">
    <subfield code="c">BOOK</subfield>
  </datafield>
  <datafield tag="980" ind1=" " ind2=" ">
    <subfield code="a">NB</subfield>
  </datafield>
  <datafield tag="995" ind1=" " ind2=" ">
    <subfield code="5">2009-09-30</subfield>
    <subfield code="a">ad</subfield>
    <subfield code="b">NLR01</subfield>
    <subfield code="c">NLR01</subfield>
    <subfield code="e">RF9</subfield>
    <subfield code="f">3004202</subfield>
    <subfield code="k">2009-3/30615</subfield>
    <subfield code="o">0</subfield>
    <subfield code="r">BOOK</subfield>
    <subfield code="s">2009330615_</subfield>
  </datafield>
  <datafield tag="995" ind1=" " ind2=" ">
    <subfield code="5">2009-09-30</subfield>
    <subfield code="a">ad</subfield>
    <subfield code="b">NLR01</subfield>
    <subfield code="c">NLR01</subfield>
    <subfield code="e">RF9</subfield>
    <subfield code="f">3004203</subfield>
    <subfield code="k">2009-3/30615</subfield>
    <subfield code="o">0</subfield>
    <subfield code="r">BOOK</subfield>
    <subfield code="s">2009330615_</subfield>
  </datafield>
</record>
